Statistics for The Office Quiz (US) Extremely Hard (that's what she said)

Click here to take the quiz!

General Stats

  • This quiz has been taken 10 times
    (7 since last reset)
  • The average score is 12 of 22

Answer Stats

QuestionAnswer% Correct
Who plays 'Voodoo Mama Juju' when the office plays Belles, Bourbon, and Bullets.Angela
100%
Who says the quote, "I wish there was a way to know you're in 'the good old days', before you've actually left them."?Andy
83%
What was the name of the last person to steal from Creed?Creed Bratton
83%
What was Andy's nickname for Pete?Plop
83%
What is the name of Kevin's Fiancée from Season 1-3?Stacy
83%
What costume does Kevin, Dwight and Creed all dress up as?The Joker
83%
“I'm not superstitious, but I am _ ____ ______.”a little stitious
67%
What concert was Michael selling front row tickets to?Bruce Springsteen
67%
Who does Creed try and set Jim up with?His daughter
67%
What was Michael's dating website username?LittleKidLover
67%
Where did Ryan lie about going on holiday?Thailand
67%
Finish the quote from the episode 'Dinner Party', “That has sort of an oaky ______.”afterbirth
50%
During the Roast of Michael Scott, what did Pam compare Michael's 'thing' to?an IPod Shuffle
50%
How does Michael contact David Wallace in an emergency?Call his daughters school
50%
How does Michael remember his Benihana girlfriend?Marks her arm
50%
In the episode 'Initiation', what 2 movies does Pam get mixed up?28 Days and 28 Days Later
33%
What did 'The Client' almost have coming out of his nose because of Michael's joke?Awesome Blossom
33%
In the episode 'Product Recall', what song does Andy sing in the car to Jim when he asks to play some music?Drift Away
17%
What was Michael's stepdads name?Jeff
17%
In Michael's song, who stopped by to celebrate Diwali?Polly, Goddess of Destruction Kali
17%
What is the name of the man the Michael calls 'The Cos', and imitates Bill Cosby?Brent Coselli
0%
What was the name of Dwight's great-grandfather?Dwide Shrude
0%

Score Distribution

Percentile by Number Answered

Percent of People with Each Score

Your Score History

You have not taken this quiz since the last reset